| 000 | 00747nam a2200229Ia 4500 | ||
|---|---|---|---|
| 005 | 20230321093926.0 | ||
| 008 | 131103s9999 xx 000 0 und d | ||
| 040 | _aLoreto College | ||
| 041 | _aEnglish | ||
| 082 |
_a822.6 _bSHE |
||
| 100 | _aSheridan,Richard Brinsley | ||
| 245 | 4 |
_aThe school for scandal _cRichard Brinsley Sheridan,introduction, notes, explanatory comments and question by K.K.Kemkar |
|
| 260 |
_aAgra _bEducational Publication _c1970 |
||
| 300 | _aiv,134 p. | ||
| 440 | _aNarain's University Series Of English Literature; No. 28 | ||
| 504 | _aIncludes notes | ||
| 650 | _aEnglish Drama | ||
| 651 | _aSheridan,Richard Brinsley - The School For Scandal | ||
| 700 | _aKemkar,K.K. | ||
| 850 | _aLCLIB | ||
| 942 | _cBK | ||
| 999 |
_c4194 _d54673 |
||